00369nam a2200121Ia 4500003000400000008004100004040001600045082001700061245006500078260008800143300001100231490000500242GCL140319s9999 xx 000 0 ara d aGCL / cGCL04a347.06bان10aنظرية الاحكام فى قانون المرافعات a[S.N] : bلجنة الاعلام والدراسات المستقبلية ، c1989 a919 ص a